| 000 | 01273nam a2200337 a 4500 | ||
|---|---|---|---|
| 001 | 62404 | ||
| 003 | BD-RjUL | ||
| 005 | 20211209081100.0 | ||
| 008 | 170124s1987 onc 000 1 eng d | ||
| 020 | _a0553051873 | ||
| 035 | _a(BD-RjUL)62530 | ||
| 040 |
_aDLC _cDLC _dDLC _dBD-RjUL _beng |
||
| 041 | _aeng | ||
| 082 | 0 | 0 |
_a813.54 _219 _bCAI 1987 |
| 100 | 1 |
_aCaputo, Philip. _9185607 |
|
| 245 | 1 | 0 |
_aIndian country / _cPhilip Caputo. |
| 260 |
_aToronto ; _aNew York, N.Y. : _bBantam Books, _c1987. |
||
| 300 |
_a419 p. ; _c24 cm. |
||
| 650 | 0 |
_aVietnam War, 1961-1975 _xVeterans _vFiction. _9185608 |
|
| 650 | 0 |
_aVeterans _xFamily relationships _vFiction. _9185609 |
|
| 650 | 0 |
_aPost-traumatic stress disorder _vFiction. _9185610 |
|
| 650 | 0 |
_aAlienation (Social psychology) _vFiction. _9185611 |
|
| 650 | 0 |
_aWilderness areas _vFiction. _9185612 |
|
| 651 | 0 |
_aUpper Peninsula (Mich.) _vFiction. _9185613 |
|
| 655 | 7 |
_aPsychological fiction. _2lcsh _9185619 |
|
| 655 | 7 |
_aDomestic fiction. _2lcsh _9185620 |
|
| 856 | 4 | 2 |
_3Contributor biographical information _uhttp://www.loc.gov/catdir/enhancements/fy0703/86026606-b.html |
| 856 | 4 | 2 |
_3Publisher description _uhttp://www.loc.gov/catdir/enhancements/fy0703/86026606-d.html |
| 942 |
_2ddc _cBK |
||
| 999 |
_c62404 _d62404 |
||